000 00720cam a2200145 4500500
005 20251228053358.0
041 _afre
042 _adc
100 1 0 _aKnittel, Fabien
_eauthor
245 0 0 _aAntonio Luque Ballesteros, Entre el Vapor y el arado romano. Elites, Intituciones y Difusión del cambio técnico en la agricultura. Córdoba, 1780-1870, Córdoba, Servicio de Publicaciones de la Universidad de Córdoba, Grupo de Historia Social Agraria, 2004, 347 p.
260 _c2005.
500 _a10
786 0 _nHistoire & Sociétés Rurales | 24 | 2 | 2005-10-01 | p. 171z-276z | 1254-728X
856 4 1 _uhttps://shs.cairn.info/revue-histoire-et-societes-rurales-2005-2-page-171z?lang=fr&redirect-ssocas=7080
999 _c1585295
_d1585295